000 00286nam a22001217a 4500
008 180208b xxu||||| |||| 00| 0 eng d
041 _aeng
080 _a33
100 _a52
101 _aeco
245 _alivers the laureates seven nobel economists
_cwilliam.b
942 _2udc
_cBK
999 _c42140
_d42140